[Event "Titled Tuesday intern op 12th Jul Late"]
[Site "Chess.com INT"]
[Date "2022.07.12"]
[Round "4"]
[White "Nunez Asencio, Jorge"]
[Black "Sibilio, Mario"]
[Result "1-0"]
[WhiteElo "2266"]
[BlackElo "2279"]
[PlyCount "75"]
[EventDate "2022.07.12"]
[EventType "swiss (blitz)"]
[EventRounds "11"]
[EventCountry "USA"]
[SourceTitle "EXT 2023"]
[Source "ChessBase"]
[SourceDate "2022.10.05"]
[SourceVersion "1"]
[SourceVersionDate "2022.10.05"]
[SourceQuality "1"]

1. d4 Nf6 2. c4 e6 3. Nf3 c5 4. d5 exd5 5. cxd5 d6 6. Nc3 a6 7. a4 g6 8. Nd2 Bg7 9. Nc4 0-0 10. Bf4 Ne8 11. Qd2 f5 12. h4 b6 13. h5 Ra7 14. hxg6 hxg6 15. Bh6 Nf6 16. Bxg7 Rxg7 17. Qf4 Ne8 18. e3 Qc7 19. Be2 Nd7 20. Rh6 Ne5 21. Nxe5 dxe5 22. Qg5 Qd6 23. 0-0-0 Bb7 24. Rdh1 Qf6 25. Qg3 Nd6 26. Qh2 Kf7 27. f3 c4 28. e4 f4 29. Qg1 Qd8 30. Rh7 Qc7 31. g3 Qc5 32. Qxc5 bxc5 33. gxf4 exf4 34. e5 Nf5 35. Bxc4 Ne3 36. Ba2 c4 37. e6+ Kf6 38. Ne4+ 1-0

[Event "Richmond Keres Memorial 46th"]
[Site "Richmond"]
[Date "2022.05.23"]
[Round "5"]
[White "Doknjas, Neil"]
[Black "Nunez Asencio, Jorge"]
[Result "0-1"]
[WhiteElo "2118"]
[BlackElo "2269"]
[PlyCount "158"]
[EventDate "2022.05.21"]
[EventType "swiss"]
[EventRounds "6"]
[EventCountry "CAN"]
[SourceTitle "CBM 209 Extra"]
[Source "ChessBase"]
[SourceDate "2022.09.30"]
[SourceVersion "1"]
[SourceVersionDate "2022.09.30"]
[SourceQuality "1"]

1. e4 c6 2. d4 d5 3. e5 Bf5 4. Nf3 e6 5. Be2 Nd7 6. 0-0 Bg6 7. Nbd2 Rc8 8. Ne1 Qb6 9. c3 c5 10. dxc5 Bxc5 11. Qa4 Qc7 12. Nef3 Ne7 13. b4 Bb6 14. c4 dxc4 15. Nxc4 0-0 16. Bb2 Qc6 17. Qxc6 Rxc6 18. Nd4 Bxd4 19. Bxd4 Nd5 20. b5 Rc7 21. f4 Nc5 22. Nd6 Ne4 23. f5 exf5 24. Rac1 b6 25. Bc4 Nxd6 26. exd6 Rd7 27. Rfd1 Nf6 28. Bxf6 gxf6 29. Rd4 Rfd8 30. Rcd1 Bh5 31. R1d2 Kg7 32. Kf2 f4 33. Bb3 f5 34. Bc2 Kf6 35. Rd5 Bg6 36. Kf3 Rc8 37. Kxf4 Rc4+ 38. R5d4 Rxd6 39. Rxc4 Rxd2 40. Rc6+ Ke7 41. Kf3 Kd7 42. Bb3 Bh5+ 43. Kg3 f4+ 44. Kh3 Bg6 45. Rc4 Bf5+ 46. g4 fxg3+ 47. Kxg3 Rd3+ 48. Kf4 Be6 49. Ra4 Bxb3 50. axb3 Rxb3 51. Rxa7+ Ke6 52. Ra8 Kf6 53. Rh8 Rb4+ 54. Kg3 Kg7 55. Rc8 Rxb5 56. Rc6 f6 57. h4 Kg6 58. Rc8 Rb3+ 59. Kf4 Rb4+ 60. Kg3 h5 61. Rg8+ Kf5 62. Rd8 Rb3+ 63. Kg2 Kf4 64. Rd4+ Ke5 65. Rd8 Kf5 66. Rd5+ Kg6 67. Rd8 b5 68. Rd5 b4 69. Rb5 Rb1 70. Kg3 b3 71. Kf2 b2 72. Kg2 f5 73. Rb6+ Kf7 74. Rb7+ Ke6 75. Rb6+ Kd5 76. Rb8 f4 77. Rd8+ Ke6 78. Rb8 f3+ 79. Kf2 Rh1 0-1

[Event "Richmond Keres Memorial 46th"]
[Site "Richmond"]
[Date "2022.05.23"]
[Round "6"]
[White "Nunez Asencio, Jorge"]
[Black "Gornall, Kirk J"]
[Result "1/2-1/2"]
[WhiteElo "2269"]
[BlackElo "2104"]
[PlyCount "98"]
[EventDate "2022.05.21"]
[EventType "swiss"]
[EventRounds "6"]
[EventCountry "CAN"]
[SourceTitle "CBM 209 Extra"]
[Source "ChessBase"]
[SourceDate "2022.09.30"]
[SourceVersion "1"]
[SourceVersionDate "2022.09.30"]
[SourceQuality "1"]

1. d4 f5 2. Nf3 e6 3. Bf4 Nf6 4. e3 Bd6 5. Nbd2 b6 6. Nc4 Be7 7. h3 Bb7 8. Bd3 0-0 9. Qe2 Nd5 10. c3 Nxf4 11. exf4 c5 12. dxc5 Bxc5 13. 0-0-0 Qc7 14. Nce5 Nc6 15. Bc4 Nxe5 16. Nxe5 d5 17. Bd3 Bd6 18. Rhe1 Bxe5 19. Qxe5 Qxe5 20. Rxe5 Kf7 21. g4 g6 22. Rde1 Rfe8 23. Kd2 Rad8 24. Ke3 d4+ 25. cxd4 Rd6 26. Bc4 Red8 27. gxf5 Rxd4 28. fxe6+ Ke7 29. b3 Rd2 30. f5 Rc2 31. f6+ Kxf6 32. e7 Re8 33. Kd3 Rxa2 34. Bb5 Ba6 35. Bxa6 Rxa6 36. R5e3 b5 37. Rf3+ Kg7 38. Kd4 Rf6 39. Rxf6 Kxf6 40. Kc5 Rxe7 41. Rxe7 Kxe7 42. Kxb5 Kd6 43. Ka6 Kc5 44. Kxa7 Kb4 45. Kb6 Kxb3 46. Kc5 Kc3 47. Kd5 Kd2 48. Ke5 Ke2 49. f4 Kf3 1/2-1/2

[Event "Richmond Keres Memorial 46th"]
[Site "Richmond"]
[Date "2022.05.21"]
[Round "2"]
[White "Nunez Asencio, Jorge"]
[Black "Patterson, Roger"]
[Result "1-0"]
[WhiteElo "2269"]
[BlackElo "2265"]
[PlyCount "91"]
[EventDate "2022.05.21"]
[EventType "swiss"]
[EventRounds "6"]
[EventCountry "CAN"]
[SourceTitle "CBM 209 Extra"]
[Source "ChessBase"]
[SourceDate "2022.09.30"]
[SourceVersion "1"]
[SourceVersionDate "2022.09.30"]
[SourceQuality "1"]

1. d4 Nf6 2. Nf3 g6 3. c4 Bg7 4. Nc3 0-0 5. Bg5 h6 6. Bh4 d6 7. h3 g5 8. Bg3 Bf5 9. e3 c5 10. Be2 Nc6 11. d5 Na5 12. Nd2 a6 13. 0-0 Rb8 14. e4 Bg6 15. Re1 Nd7 16. Bf1 b5 17. Qc1 Nxc4 18. Bxc4 bxc4 19. Nxc4 Qc7 20. Qd2 Rb4 21. b3 Nb6 22. Nxb6 Qxb6 23. e5 Rd4 24. Qe2 Qb4 25. Rac1 Rd3 26. Nb1 Rxd5 27. Qxa6 dxe5 28. Nc3 Rd2 29. Qa7 e6 30. Qc7 e4 31. Na4 Rxa2 32. Nxc5 Bd4 33. Rf1 e3 34. Nd7 exf2+ 35. Kh2 Bd3 36. Bd6 Qa5 37. Qxa5 Rxa5 38. Nxf8 Bxf1 39. Rxf1 Rd5 40. Be7 Be5+ 41. g3 Rd3 42. Kg2 Rxg3+ 43. Kxf2 Rxb3 44. Rd1 Rxh3 45. Rd8 Kg7 46. Nd7 1-0

[Event "British Columbia op"]
[Site "Richmond"]
[Date "2019.02.16"]
[Round "1.7"]
[White "Nunez Asencio, Jorge"]
[Black "Taylor, Tristan"]
[Result "0-1"]
[WhiteElo "2244"]
[BlackElo "1920"]
[PlyCount "86"]
[EventDate "2019.02.16"]
[EventType "tourn"]
[EventRounds "6"]
[EventCountry "CAN"]
[SourceTitle "EXT 2022"]
[Source "ChessBase"]
[SourceDate "2021.10.06"]
[SourceVersion "1"]
[SourceVersionDate "2021.10.06"]
[SourceQuality "1"]

1. Nf3 Nf6 2. d4 e6 3. c4 b6 4. g3 Bb7 5. Bg2 Be7 6. 0-0 0-0 7. Re1 Ne4 8. d5 exd5 9. cxd5 Bf6 10. Nfd2 Nc5 11. Nb3 Nba6 12. Nd4 Nb4 13. Nf5 d6 14. a3 Nba6 15. Nc3 Nb8 16. Qc2 a5 17. Bf4 a4 18. Rad1 Nbd7 19. e4 Re8 20. Be3 Ba6 21. f4 Bc4 22. Qb1 Bxc3 23. bxc3 Ra5 24. Rd2 Rb5 25. Qd1 Nf6 26. Rd4 Bb3 27. Qe2 Ra5 28. Bd2 Ra8 29. e5 Bc2 30. Nxg7 Kxg7 31. Be3 Bf5 32. exf6+ Qxf6 33. g4 Bd7 34. Rdd1 Kg8 35. c4 Re7 36. f5 Rae8 37. Qd2 Qh4 38. h3 Ne4 39. Qd4 Ng5 40. Kh2 Ne4 41. Re2 Qg3+ 42. Kg1 Ng5 43. Rd3 Nf3+ 0-1

[Event "White Rock Semiahmoo op"]
[Site "White Rock"]
[Date "2018.08.05"]
[Round "3.1"]
[White "Nunez Asencio, Jorge"]
[Black "Sanetullaev, Alisher"]
[Result "1/2-1/2"]
[WhiteElo "2231"]
[BlackElo "2147"]
[PlyCount "43"]
[EventDate "2018.08.04"]
[EventType "swiss"]
[EventRounds "6"]
[EventCountry "CAN"]
[SourceTitle "EXT 2022"]
[Source "ChessBase"]
[SourceDate "2021.10.06"]
[SourceVersion "1"]
[SourceVersionDate "2021.10.06"]
[SourceQuality "1"]

1. d4 Nf6 2. c4 g6 3. Nc3 d5 4. Nf3 Bg7 5. e3 0-0 6. Qb3 e6 7. Bd2 b6 8. Rc1 Ba6 9. cxd5 Bxf1 10. Kxf1 exd5 11. g3 c5 12. dxc5 bxc5 13. Kg2 Nc6 14. Rhd1 Rb8 15. Qa3 c4 16. Ne2 Ne4 17. Bc3 Nxc3 18. Nxc3 Nb4 19. b3 Nd3 20. Rc2 Nb4 21. Rcc1 Nd3 22. Rc2 1/2-1/2

[Event "New Westminster op"]
[Site "New Westminster"]
[Date "2017.10.09"]
[Round "6.3"]
[White "Ferguson, Peter"]
[Black "Nunez Asencio, Jorge"]
[Result "0-1"]
[WhiteElo "2023"]
[BlackElo "2263"]
[PlyCount "52"]
[EventDate "2017.10.07"]
[EventType "swiss"]
[EventRounds "6"]
[EventCountry "CAN"]
[SourceTitle "EXT 2022"]
[Source "ChessBase"]
[SourceDate "2021.10.06"]
[SourceVersion "1"]
[SourceVersionDate "2021.10.06"]
[SourceQuality "1"]

1. e4 c5 2. Nf3 a6 3. d4 cxd4 4. Nxd4 Nf6 5. Nc3 e5 6. Nde2 d6 7. Bg5 Be7 8. Qd2 Be6 9. f4 0-0 10. f5 Bc4 11. 0-0-0 Nbd7 12. g4 Nxg4 13. Bxe7 Qxe7 14. Rg1 Qh4 15. b3 Bxe2 16. Bxe2 Ngf6 17. Qxd6 Rac8 18. Nd5 Nxd5 19. exd5 Nf6 20. Kb1 Rfd8 21. Qe7 Rd7 22. Qa3 Nxd5 23. Kb2 Qf6 24. Qa4 b5 25. Qe4 Nc3 26. Qf3 e4 0-1

[Event "Capablanca Memorial op-B 45th"]
[Site "Havana"]
[Date "2011.05.17"]
[Round "6"]
[White "Nunez Asencio, Jorge"]
[Black "Li Torres, Manuel Eugenio"]
[Result "1-0"]
[WhiteElo "2248"]
[BlackElo "2251"]
[PlyCount "49"]
[EventDate "2011.05.11"]
[EventType "swiss"]
[EventRounds "7"]
[EventCountry "CUB"]
[SourceTitle "CBM 142 Extra"]
[Source "ChessBase"]
[SourceDate "2011.06.27"]
[SourceVersion "1"]
[SourceVersionDate "2011.06.27"]
[SourceQuality "1"]

1. d4 d6 2. Nf3 f5 3. g3 Nf6 4. Bg2 g6 5. c4 Bg7 6. b3 0-0 7. Bb2 e6 8. 0-0 Qe7 9. Nc3 Ne4 10. Qd3 Nxc3 11. Bxc3 a5 12. e4 fxe4 13. Qxe4 Nc6 14. Rae1 Bd7 15. Bd2 Nd8 16. Bg5 Bf6 17. h4 Qg7 18. Qe3 Nf7 19. Bxf6 Qxf6 20. Ng5 Nd8 21. Bh3 a4 22. d5 axb3 23. axb3 Ra5 24. dxe6 Re5 25. Ne4 1-0

[Event "Capablanca Memorial op-B 45th"]
[Site "Havana"]
[Date "2011.05.15"]
[Round "5"]
[White "Lorente Pupo, Ramon Miguel"]
[Black "Nunez Asencio, Jorge"]
[Result "1/2-1/2"]
[WhiteElo "2286"]
[BlackElo "2248"]
[PlyCount "40"]
[EventDate "2011.05.11"]
[EventType "swiss"]
[EventRounds "7"]
[EventCountry "CUB"]
[SourceTitle "CBM 142 Extra"]
[Source "ChessBase"]
[SourceDate "2011.06.27"]
[SourceVersion "1"]
[SourceVersionDate "2011.06.27"]
[SourceQuality "1"]

1. Nf3 d5 2. d4 Nf6 3. c4 c6 4. Qc2 g6 5. e3 Bg7 6. Nbd2 Bf5 7. Bd3 Bxd3 8. Qxd3 0-0 9. b3 Nbd7 10. Bb2 c5 11. 0-0 cxd4 12. Bxd4 dxc4 13. Nxc4 Nc5 14. Qe2 Ne6 15. Bb2 Ne4 16. Rfd1 Qb8 17. Nfe5 Rd8 18. Rxd8+ Qxd8 19. Rd1 Qe8 20. f3 N4c5 1/2-1/2

[Event "Capablanca Memorial op-B 45th"]
[Site "Havana"]
[Date "2011.05.11"]
[Round "1"]
[White "Vega Cordovilla, Maria Jose"]
[Black "Nunez Asencio, Jorge"]
[Result "0-1"]
[WhiteElo "1901"]
[BlackElo "2248"]
[PlyCount "52"]
[EventDate "2011.05.11"]
[EventType "swiss"]
[EventRounds "7"]
[EventCountry "CUB"]
[SourceTitle "CBM 142 Extra"]
[Source "ChessBase"]
[SourceDate "2011.06.27"]
[SourceVersion "1"]
[SourceVersionDate "2011.06.27"]
[SourceQuality "1"]

1. e4 c5 2. Nf3 Nc6 3. d4 cxd4 4. Nxd4 Nf6 5. Nc3 d6 6. f3 e5 7. Nb3 Be6 8. Be3 Be7 9. Be2 0-0 10. 0-0 a5 11. Bb5 Rc8 12. Qe2 Nd7 13. Rad1 Kh8 14. Kh1 f5 15. exf5 Bxf5 16. Nd5 Bg5 17. Bxg5 Qxg5 18. Ne3 Rf6 19. Bxc6 bxc6 20. Nxa5 Rh6 21. Nxf5 Qxf5 22. g4 Qf7 23. Qa6 Rf8 24. Qxc6 Qf4 25. Rf2 Nf6 26. Rdf1 Nxg4 0-1

[Event "Camaguey-A"]
[Site "Camaguey"]
[Date "2010.02.06"]
[Round "9"]
[White "Nunez Asencio, Jorge"]
[Black "Gongora Reyes, Liuber"]
[Result "0-1"]
[WhiteElo "2280"]
[BlackElo "2270"]
[PlyCount "104"]
[EventDate "2010.02.02"]
[EventType "tourn"]
[EventRounds "11"]
[EventCountry "CUB"]
[SourceTitle "CBM 135 Extra"]
[Source "ChessBase"]
[SourceDate "2010.05.04"]
[SourceVersion "1"]
[SourceVersionDate "2010.05.04"]
[SourceQuality "1"]

1. d4 Nf6 2. c4 e6 3. Nf3 b6 4. a3 Ba6 5. Qc2 Bb7 6. Nc3 c5 7. dxc5 Bxc5 8. Bf4 0-0 9. e3 Nh5 10. Bg3 Be7 11. Rd1 Nxg3 12. hxg3 g6 13. Be2 Na6 14. 0-0 Qc8 15. Rd2 Rd8 16. Rfd1 Nc7 17. Ne1 Ne8 18. Qb3 d6 19. Bf3 Rb8 20. Qa4 Rd7 21. Nb5 a6 22. Bxb7 Rdxb7 23. Nd4 Rc7 24. Rc2 Nf6 25. Rdc1 Ne4 26. b4 h5 27. Qb3 e5 28. Ne2 Qe6 29. Qa4 Ra8 30. Nc3 Nxc3 31. Rxc3 e4 32. Qd1 Rac8 33. Nc2 Rxc4 34. Nd4 Qd5 35. Rxc4 Rxc4 36. Rxc4 Qxc4 37. Qa4 Bf6 38. Qe8+ Kg7 39. Qxe4 Qc1+ 40. Kh2 Qxa3 41. Nc6 Qb3 42. Qe8 Qd5 43. Qc8 a5 44. bxa5 bxa5 45. Qa6 Bc3 46. Ne7 Qe5 47. Nc6 Qc5 48. Qa8 d5 49. Nd8 Bf6 50. Nb7 Qc6 51. Qa7 Qc7 52. Qa6 d4 0-1

[Event "Camaguey-A"]
[Site "Camaguey"]
[Date "2010.02.04"]
[Round "4"]
[White "Diaz Quesada, George"]
[Black "Nunez Asencio, Jorge"]
[Result "0-1"]
[WhiteElo "2162"]
[BlackElo "2280"]
[PlyCount "90"]
[EventDate "2010.02.02"]
[EventType "tourn"]
[EventRounds "11"]
[EventCountry "CUB"]
[SourceTitle "CBM 135 Extra"]
[Source "ChessBase"]
[SourceDate "2010.05.04"]
[SourceVersion "1"]
[SourceVersionDate "2010.05.04"]
[SourceQuality "1"]

1. e4 e5 2. Nf3 Nc6 3. Bc4 Bc5 4. d3 Nf6 5. Nc3 a6 6. Bg5 h6 7. Bxf6 Qxf6 8. Nd5 Qd8 9. c3 d6 10. b4 Ba7 11. 0-0 0-0 12. Nd2 Ne7 13. Qh5 Nxd5 14. Bxd5 c6 15. Bb3 Qe7 16. Kh1 Kh7 17. Rae1 g6 18. Qe2 g5 19. Nc4 f5 20. exf5 Bxf5 21. d4 e4 22. f3 d5 23. Ne5 Kg7 24. fxe4 Bxe4 25. Bc2 Rxf1+ 26. Rxf1 Rf8 27. Bxe4 dxe4 28. Re1 Bb8 29. Qxe4 Bxe5 30. dxe5 Qe6 31. h3 Rf4 32. Qd3 Rf7 33. Qe2 Rf5 34. a4 Kf7 35. a5 Ke7 36. Qe3 Qc4 37. Kg1 Ke6 38. Qb6 Qxc3 39. Re3 Qa1+ 40. Kh2 Rxe5 41. Rf3 Re1 42. Qxb7 Rh1+ 43. Kg3 Qe1+ 44. Rf2 Qe5+ 45. Kg4 Qd4+ 0-1